[Event "Kieler Open 2017-A"]
[Site "Kiel"]
[Date "2017.08.01"]
[Round "6.9"]
[White "Horn, Peter"]
[Black "Dittmann, Hans-Adolf"]
[Result "1/2-1/2"]
[WhiteElo "2094"]
[BlackElo "2073"]
[Annotator "PS"]
[PlyCount "152"]

1. Nf3 Nf6 2. c4 d6 3. d4 g6 4. Nc3 Bg7 5. e4 O-O 6. h3 e5 7. d5 Nbd7 8. Be3
Nc5 9. Nd2 a5 10. g4 Bd7 11. Be2 a4 12. a3 Ne8 13. Qc2 Bf6 14. h4 Bxh4 15. Nf3
Bf6 16. g5 Bg7 17. O-O-O Nb3+ 18. Kb1 c5 19. dxc6 bxc6 20. Rh4 c5 21. Rdh1 f5
22. Rxh7 fxe4 23. Nxe4 Bf5 24. Bd3 Nd4 25. Nxd4 cxd4 26. Bc1 Qe7 27. f3 Qe6 28.
Qh2 Rb8 29. Ka1 Rb3 30. Qe2 Rxd3 31. Qxd3 d5 32. cxd5 Qxd5 33. R7h2 Be6 34. b3
axb3 35. Bb2 Bf5 36. Qa6 Qe6 37. Qb5 Nd6 38. Nxd6 Qxd6 39. Qxb3+ Be6 40. Qb7
Bf7 41. Qe4 Qd5 42. Kb1 Qa2+ 43. Kc1 Rc8+ 44. Rc2 Rb8 45. Rhh2 Qb3 46. Rc7 Rd8
47. Rhc2 Qb5 48. Rd2 Qb6 49. Qc2 Bd5 50. Rd3 Qe6 51. Qc5 Bf8 52. Qa5 Qf5 53.
Rg7+ Kxg7 54. Qxd8 Bf7 55. Kd2 Bc4 56. Qc7+ Bf7 57. Qd8 Qf4+ 58. Kc2 Qh2+ 59.
Rd2 Qf4 60. Qf6+ Qxf6 61. gxf6+ Kxf6 62. f4 Bc5 63. fxe5+ Kxe5 64. Kd3 Be6 65.
Rg2 Kd5 66. Rh2 Bf5+ 67. Kd2 Kc4 68. Rh8 Bd6 69. Rd8 Bf4+ 70. Ke1 Be3 71. a4
Bc2 72. a5 d3 73. a6 d2+ 74. Rxd2 Bxd2+ 75. Kxd2 Be4 76. Ke3 Ba8 1/2-1/2

[Event "Kieler Open 2017-A"]
[Site "Kiel"]
[Date "2017.08.01"]
[Round "6.10"]
[White "Buchholz, Sebastian"]
[Black "Basey, Matthew"]
[Result "1/2-1/2"]
[WhiteElo "2134"]
[BlackElo "1793"]
[Annotator "PS"]
[PlyCount "51"]

1. e4 d6 2. Bc4 Nf6 3. Nc3 c6 4. Bb3 Nbd7 5. d4 e5 6. Be3 Be7 7. Nf3 h6 8. h3
Qc7 9. a3 a6 10. Qe2 b5 11. O-O Rb8 12. Rad1 Nf8 13. Nh2 g5 14. dxe5 dxe5 15.
Qf3 Be6 16. Ng4 Nxg4 17. Bxe6 Nxe6 18. hxg4 Nf4 19. g3 Ne6 20. Kg2 Rg8 {(=)}
21. Rd3 Rg6 22. Rfd1 Rf6 23. Qe2 Rd8 24. f3 Rxd3 25. Rxd3 Bc5 26. Bc1 {(=)}
1/2-1/2

[Event "Kieler Open 2017-A"]
[Site "Kiel"]
[Date "2017.08.01"]
[Round "6.11"]
[White "Gaede, Derek"]
[Black "Röttig, Hans-Peter"]
[Result "1-0"]
[WhiteElo "2340"]
[BlackElo "2078"]
[Annotator "PS"]
[PlyCount "61"]

1. d4 f5 2. Nf3 Nf6 3. g3 g6 4. Bg2 Bg7 5. O-O O-O 6. b3 d6 7. Bb2 c6 8. Nbd2
Na6 9. e3 Ne4 10. Qe2 Rb8 11. Rad1 Qa5 12. a3 b5 13. Nxe4 fxe4 14. Nd2 d5 15.
f3 exf3 16. Nxf3 Bg4 17. h3 Bf5 18. Ne5 Qc7 19. b4 Rbd8 20. Qd2 Nb8 {(=)} 21.
Qc3 h5 22. e4 dxe4 23. g4 hxg4 24. hxg4 Bxe5 25. dxe5 Qb6+ 26. Kh1 Rxd1 27.
Rxd1 Be6 28. Rd4 Bd5 29. e6 Rf6 30. g5 Rf4 31. Rxd5 1-0

[Event "Kieler Open 2017-A"]
[Site "Kiel"]
[Date "2017.08.01"]
[Round "6.12"]
[White "Bendel, Ralf"]
[Black "Bente, Björn"]
[Result "1/2-1/2"]
[WhiteElo "2124"]
[BlackElo "2310"]
[Annotator "PS"]
[PlyCount "57"]

1. e4 g6 2. d4 Bg7 3. c3 d6 4. Nf3 Nf6 5. Bd3 O-O 6. O-O Nc6 7. h3 e5 8. Re1
Re8 9. Na3 exd4 10. cxd4 Nd7 11. Bg5 Bf6 12. Bxf6 Nxf6 13. Qd2 Kg7 14. Rac1 d5
15. e5 Ng8 16. Nc2 Be6 17. b4 a6 18. Qf4 Qd7 19. Re2 f6 20. Rce1 fxe5 21. Nxe5
Nxe5 22. Rxe5 Bf7 23. Rxe8 Rxe8 24. Rxe8 Bxe8 25. Ne3 Nf6 26. Qe5 Kf7 27. Be2
Qe7 28. Bf3 c6 29. Qxe7+ 1/2-1/2

[Event "Kieler Open 2017-A"]
[Site "Kiel"]
[Date "2017.08.01"]
[Round "6.13"]
[White "Prasse, Philipp"]
[Black "Junge, Ralph"]
[Result "1/2-1/2"]
[WhiteElo "2013"]
[BlackElo "2286"]
[Annotator "PS"]
[PlyCount "47"]

1. e4 e6 2. d4 d5 3. Nd2 Be7 4. Bd3 c5 5. dxc5 Nf6 6. Qe2 O-O 7. Ngf3 a5 8. O-O
Na6 9. e5 Nd7 10. c4 Naxc5 11. Bc2 Nb6 12. Rd1 Bd7 13. b3 f5 14. exf6 Bxf6 15.
Ba3 Bxa1 16. Bxc5 Bf6 17. Bxf8 Qxf8 18. Ne5 Be8 19. Ng4 Qe7 20. Nxf6+ Qxf6 21.
Qe3 d4 22. Qh3 g6 23. Ne4 Qe7 24. Rxd4 1/2-1/2

[Event "Kieler Open 2017-A"]
[Site "Kiel"]
[Date "2017.08.01"]
[Round "6.14"]
[White "Rieper, Julian"]
[Black "Niering, Martin"]
[Result "1/2-1/2"]
[WhiteElo "2048"]
[BlackElo "2225"]
[Annotator "PS"]
[PlyCount "119"]

1. e4 e5 2. Nf3 Nc6 3. Bb5 a6 4. Ba4 d6 5. O-O Bd7 6. c3 g6 7. d4 Bg7 8. Be3
Nf6 9. Nbd2 O-O 10. Bb3 Qe7 11. dxe5 dxe5 12. a4 h6 13. h3 Rad8 14. Qe2 Kh7 15.
a5 Nb8 16. Bc2 Bb5 17. c4 Bd7 18. Nb3 Rfe8 19. Rfd1 Nh5 20. Nc5 Bc8 21. Nd3 Nc6
22. Ba4 Qf6 23. Nd2 Nf4 24. Bxf4 exf4 25. Bxc6 bxc6 26. Nb3 g5 27. Rab1 Qg6 28.
Ndc5 Rd6 29. Rd3 f5 30. f3 fxe4 31. Nxe4 Bf5 32. Rxd6 cxd6 33. Re1 Bxe4 34.
fxe4 d5 35. Nd2 Bxb2 36. Qd3 d4 37. Nb3 Bc3 38. Re2 Rd8 39. Rc2 Rb8 40. Nxd4
Bxa5 41. Nf5 Qe6 42. c5 Bc7 43. Rd2 Rd8 44. Nd6 Qe5 45. Qc4 Rd7 46. Rd1 f3 47.
Kf2 fxg2 48. Kxg2 h5 49. Qe2 Kg6 50. Qc4 Rg7 51. Qc2 g4 52. h4 Kh7 53. Rf1 Bxd6
54. cxd6 Qxd6 55. e5+ Qg6 56. Rf5 Kh8 57. Rf8+ Kh7 58. Rf5 Kg8 59. Qc4+ Kh7 60.
Qc2 1/2-1/2

[Event "Kieler Open 2017-A"]
[Site "Kiel"]
[Date "2017.08.01"]
[Round "6.15"]
[White "Beeck, Mats"]
[Black "Ritter, Uwe"]
[Result "1/2-1/2"]
[WhiteElo "2104"]
[BlackElo "2056"]
[Annotator "PS"]
[PlyCount "52"]

1. d4 Nf6 2. c4 e6 3. Nf3 c5 4. d5 exd5 5. cxd5 d6 6. Nc3 g6 7. e4 Bg7 8. h3
O-O 9. Bd3 a6 10. a4 Nh5 11. O-O Nd7 12. Bg5 Bf6 13. Bh6 Bg7 14. Bg5 Bf6 15.
Be3 Re8 16. Nd2 Bd4 17. Nc4 Bxe3 18. Nxe3 Nf4 19. Ne2 Qg5 20. Nxf4 Qxf4 21. Nc4
Ne5 22. Nxd6 Bxh3 23. Nxe8 Bxg2 24. Kxg2 Qg5+ 25. Kh3 Qh6+ 26. Kg2 Qg5+ 1/2-1/2

[Event "Kieler Open 2017-A"]
[Site "Kiel"]
[Date "2017.08.01"]
[Round "6.16"]
[White "Schulze, Lara"]
[Black "Rohde, Patrick"]
[Result "1-0"]
[WhiteElo "2141"]
[BlackElo "1939"]
[Annotator "PS"]
[PlyCount "61"]

1. e4 c5 2. Nf3 d6 3. d4 cxd4 4. Nxd4 Nf6 5. Nc3 a6 6. h3 b5 7. g4 Bb7 8. Bg2
e6 9. O-O b4 10. Nd5 exd5 11. exd5 Be7 12. Nf5 O-O 13. Re1 Re8 14. g5 Nfd7 15.
Bf4 Nc5 16. Rxe7 Rxe7 17. Bxd6 Rd7 18. Bxc5 Nc6 19. Nd6 Na5 20. Nxb7 Nxb7 21.
Bxb4 Qxg5 22. c4 a5 23. Ba3 Ra6 24. Qg4 Qd8 25. Re1 Rg6 26. Qe4 h6 27. Qe8+ Kh7
28. Qxd8 Rxd8 29. Kf1 f5 30. Re5 Rf6 31. Be7 1-0

[Event "Kieler Open 2017-A"]
[Site "Kiel"]
[Date "2017.08.01"]
[Round "6.17"]
[White "Benzen, Marthe"]
[Black "Böhm, Thomas"]
[Result "0-1"]
[WhiteElo "2016"]
[BlackElo "2154"]
[Annotator "PS"]
[PlyCount "88"]

1. e4 c5 2. Nc3 Nc6 3. f4 g6 4. Nf3 Bg7 5. g3 d6 6. Bg2 Nf6 7. d3 O-O 8. O-O
Bg4 9. h3 Bxf3 10. Qxf3 Nd4 11. Qf2 Rb8 12. Nd1 Nd7 13. c3 Nc6 14. g4 b5 15. f5
Nde5 16. Qg3 b4 17. Nf2 bxc3 18. bxc3 Qa5 19. Bd2 Rb2 20. Qf4 Qa6 21. Rad1 Rxa2
22. Be1 Qa4 23. g5 gxf5 24. Qxf5 Ng6 25. Qg4 Qb3 26. h4 Qe6 27. Qxe6 fxe6 28.
Nh3 Be5 29. h5 Nf4 30. Nxf4 Bxf4 31. Bh3 Be3+ 32. Kh1 Rxf1+ 33. Bxf1 Bxg5 34.
d4 cxd4 35. Bc4 Rc2 36. Bxe6+ Kg7 37. Bd5 Ne5 38. cxd4 Ng4 39. Be6 Ne3 40. Ra1
Kf6 41. d5 Ke5 42. Bg8 h6 43. Bg3+ Bf4 44. Bh4 Rh2+ 0-1

[Event "Kieler Open 2017-A"]
[Site "Kiel"]
[Date "2017.08.01"]
[Round "6.18"]
[White "Kopylov, Daniel"]
[Black "Jordan, Christian"]
[Result "1-0"]
[WhiteElo "2172"]
[BlackElo "2182"]
[Annotator "PS"]
[PlyCount "75"]

1. e4 e6 2. d4 d5 3. Nd2 Be7 4. Ngf3 Nf6 5. e5 Nfd7 6. Bd3 c5 7. c3 b6 8. O-O
Ba6 9. Bxa6 Nxa6 10. c4 dxc4 11. Nxc4 Nb4 12. Bg5 O-O 13. Bxe7 Qxe7 14. Nd6
cxd4 15. Qe2 f6 16. Nc4 d3 17. Qd2 Rac8 18. Nd6 fxe5 19. Nxc8 Rxc8 20. a3 e4
21. Ng5 e3 22. Qxe3 Nd5 23. Qxe6+ Qxe6 24. Nxe6 Kf7 25. Ng5+ Kf6 26. Nf3 Ne5
27. Nd2 Rc2 28. Rad1 Rxb2 29. f4 Ng6 30. Ne4+ Kf5 31. Ng3+ Kg4 32. h3+ Kxg3 33.
Rxd3+ Kh4 34. Rxd5 Rb3 35. a4 Kg3 36. Rg5+ Kh4 37. Kh2 Nxf4 38. Rg4+ 1-0

[Event "Kieler Open 2017-A"]
[Site "Kiel"]
[Date "2017.08.01"]
[Round "6.19"]
[White "Terwitte, Heinrich"]
[Black "Möller, Dustin"]
[Result "0-1"]
[WhiteElo "1913"]
[BlackElo "2079"]
[Annotator "PS"]
[PlyCount "96"]

1. e4 e6 2. d4 d5 3. Nc3 Nf6 4. Bg5 Bb4 5. e5 h6 6. Bd2 Bxc3 7. bxc3 Ne4 8. g3
c5 9. f3 Nxd2 10. Qxd2 Nc6 11. Bb5 Qa5 12. Bxc6+ bxc6 13. Ne2 Ba6 14. dxc5 Qxc5
15. Nd4 Rb8 16. Kf2 O-O 17. Kg2 Rb6 18. f4 Qc4 19. Rhe1 c5 20. Nf3 Rb2 21. a3
d4 22. Rac1 dxc3 23. Qd6 Bb7 24. Re3 Bd5 25. Kh3 Ra2 26. Ne1 Qf1+ 27. Kh4 g5+
28. Kg4 h5+ 29. Kxh5 Qh3+ 30. Kxg5 Qf5+ 31. Kh4 Qh7+ 32. Kg4 Qg6+ 33. Kh4 Qh6+
34. Kg4 Qg6+ 35. Kh4 Kg7 36. g4 Rh8+ 37. Kg3 Qh6 38. Nf3 Qh3+ 39. Kf2 Bxf3 40.
Rxf3 Qxh2+ 41. Ke3 Rxc2 42. Rxc2 Qxc2 43. Qd3 Qc1+ 44. Ke4 c2 45. Rf1 Qb2 46.
Qd2 Rh3 47. f5 c1=Q 48. f6+ Kg6 0-1

[Event "Kieler Open 2017-A"]
[Site "Kiel"]
[Date "2017.08.01"]
[Round "6.20"]
[White "Müller, Jan Hendrik"]
[Black "Krieglstein, Marcel"]
[Result "1-0"]
[WhiteElo "2109"]
[BlackElo "1930"]
[Annotator "PS"]
[PlyCount "59"]

1. e4 d5 2. exd5 Qxd5 3. Nc3 Qa5 4. d4 Nf6 5. Nf3 Bf5 6. Ne5 c6 7. Bf4 e6 8. g4
Be4 9. Nc4 Qd8 10. Nxe4 Nxe4 11. Qf3 Nd6 12. O-O-O Nxc4 13. Bxc4 Bd6 14. Bxd6
Qxd6 15. d5 cxd5 16. Bxd5 Nc6 17. Bxc6+ Qxc6 18. Qxc6+ bxc6 19. Rd6 Rc8 20.
Rhd1 O-O 21. Rd7 f5 22. Rxa7 fxg4 23. Rdd7 Rxf2 24. Rxg7+ Kf8 25. Rxh7 Rf1+ 26.
Kd2 Ke8 27. Ke2 Rf4 28. Rh8+ Rf8 29. Rxf8+ Kxf8 30. Ra4 1-0

[Event "Kieler Open 2017-A"]
[Site "Kiel"]
[Date "2017.08.01"]
[Round "6.21"]
[White "Voelzke, Ferdinand"]
[Black "Hartwig, Frank"]
[Result "0-1"]
[WhiteElo "2134"]
[BlackElo "1984"]
[Annotator "PS"]
[PlyCount "100"]

1. Nf3 d5 2. g3 c6 3. Bg2 Nf6 4. O-O e6 5. d3 Bd6 6. Nbd2 e5 7. e4 dxe4 8. dxe4
Be6 9. b3 h6 10. Bb2 Nbd7 11. Qe2 Qe7 12. a4 O-O 13. Nc4 Bxc4 14. Qxc4 Rfe8 15.
Nh4 Nb6 16. Qe2 Qc7 17. Nf5 Bf8 18. Qf3 Nbd7 19. Rfd1 g6 20. Nh4 Rad8 21. Qe2
Kh7 22. Nf3 Bd6 23. Nd2 Bf8 24. Nc4 b5 25. axb5 cxb5 26. Ne3 Nc5 27. Rxd8 Rxd8
28. Qxb5 Ncxe4 29. Qa5 Qxa5 30. Rxa5 Bc5 31. Bxe5 Bxe3 32. Bxe4 Bb6 33. Ra4 Ng4
34. Bxg6+ Kxg6 35. Rxg4+ Kf5 36. Rf4+ Kxe5 37. Rxf7 Rd2 38. c4 Rb2 39. Rf3 Ke4
40. Kg2 a5 41. h4 h5 42. Rf4+ Ke5 43. Rf3 Kd4 44. Rf4+ Kd3 45. g4 hxg4 46. h5
Rxb3 47. h6 Bd4 48. h7 Rb8 49. Rxg4 Rh8 50. Rg5 Bc3 0-1

[Event "Kieler Open 2017-A"]
[Site "Kiel"]
[Date "2017.08.01"]
[Round "6.22"]
[White "Kaiser, Johannes"]
[Black "Arndt, Magnus"]
[Result "1/2-1/2"]
[WhiteElo "1720"]
[BlackElo "2072"]
[Annotator "PS"]
[PlyCount "108"]

1. e4 e5 2. Nf3 Nc6 3. d4 exd4 4. Bc4 Nf6 5. e5 d5 6. Bb5 Ne4 7. Nxd4 Bd7 8.
Bxc6 bxc6 9. O-O Bc5 10. c3 O-O 11. f3 Ng5 12. Nd2 Ne6 13. N2b3 Bb6 14. Be3 f6
15. exf6 Qxf6 16. Re1 Rae8 17. Nxe6 Qxe6 18. Bc5 Qg6 19. Kh1 Rxe1+ 20. Qxe1 Re8
21. Qd2 Qe6 22. Kg1 Qe2 23. Rd1 Bf5 24. Bxb6 Qxd2 25. Rxd2 axb6 26. Nd4 Bd7 27.
Re2 Rxe2 28. Nxe2 Kf7 29. Kf2 Kf6 30. h4 c5 31. Ke3 Bb5 32. Ng3 g6 33. Nh1 Ke5
34. f4+ Kf5 35. Nf2 d4+ 36. cxd4 cxd4+ 37. Kxd4 Kxf4 38. Ne4 Kg4 39. Nf6+ Kxh4
40. Nxh7 Kg3 41. Ke5 Kxg2 42. Kf6 Kf3 43. Nf8 Bd3 44. Nxg6 Ke3 45. Ne5 Bb1 46.
a3 Kd4 47. Nf3+ Kd5 48. Ke7 c5 49. Kd7 b5 50. Kc7 Bg6 51. Kb6 Be8 52. Nd2 c4
53. Nb1 c3 {(=)} 54. Nxc3+ Kc4 1/2-1/2

[Event "Kieler Open 2017-A"]
[Site "Kiel"]
[Date "2017.08.01"]
[Round "6.23"]
[White "Wanner, Lukas"]
[Black "Sasaki, Yu"]
[Result "1-0"]
[WhiteElo "2008"]
[BlackElo "1732"]
[Annotator "PS"]
[PlyCount "105"]

1. c4 e6 2. Nf3 Nf6 3. g3 b6 4. Bg2 Bb7 5. b3 d5 6. O-O Be7 7. Bb2 Nbd7 8. e3
c5 9. Qe2 O-O 10. Rd1 Rc8 11. Nc3 Ba6 12. d3 Qc7 13. e4 d4 14. Nb5 Bxb5 15.
cxb5 e5 16. Nd2 Rfe8 17. Rf1 g5 18. Nc4 Bd6 19. Bc1 h6 20. h4 Nh7 21. hxg5 hxg5
22. Bh3 Rcd8 23. Bf5 f6 24. Kg2 Ndf8 25. Rh1 Re7 26. Bd2 Rg7 27. Rh6 Rb8 28.
Rah1 Rb7 29. Qh5 Qe7 30. Bxh7+ Nxh7 31. Rxh7 Rxh7 32. Qxh7+ Qxh7 33. Rxh7 Rxh7
34. Nxd6 Kf8 35. a4 Ke7 36. Nc4 Kd7 37. f4 Ke6 38. fxg5 f5 39. Kf3 Rh1 40.
exf5+ Kxf5 41. g4+ Ke6 42. Ke4 Rh2 43. g6 Kf6 44. Bg5+ Kxg6 45. Nxe5+ Kg7 46.
Nc6 Rg2 47. Nxa7 Rxg4+ 48. Bf4 Rg6 49. Nc6 Re6+ 50. Kd5 Re3 51. Bxe3 dxe3 52.
Ne5 Kf6 53. Ng4+ 1-0

[Event "Kieler Open 2017-A"]
[Site "Kiel"]
[Date "2017.08.01"]
[Round "6.24"]
[White "Mohamed, Galal"]
[Black "Pluska, Alexander"]
[Result "0-1"]
[WhiteElo "1865"]
[BlackElo "2205"]
[Annotator "PS"]
[PlyCount "84"]

1. d4 Nf6 2. Nf3 e6 3. e3 c5 4. Bd3 b6 5. O-O Bb7 6. b3 Be7 7. Bb2 O-O 8. Nbd2
Nc6 9. a3 Rc8 10. c4 cxd4 11. exd4 d5 12. Qe2 Bd6 13. Ne5 Qe7 14. f4 Rfd8 15.
Rf3 Bb8 16. Rd1 dxc4 17. Ndxc4 Nxe5 18. fxe5 Bxf3 19. Qxf3 Nd5 20. Rf1 f5 21.
exf6 gxf6 22. Ne3 Nxe3 23. Qxe3 Kh8 24. Qh6 Rf8 25. Rf3 Qg7 26. Qh3 Rce8 27.
Bc1 Qd7 28. Qh4 e5 29. d5 f5 30. Bg5 e4 31. Bf6+ Rxf6 32. Qxf6+ Qg7 33. Qxg7+
Kxg7 34. Bb5 Re5 35. Rg3+ Kf6 36. Bc4 b5 37. Rg8 bxc4 38. Rxb8 cxb3 39. Rxb3
Rxd5 40. Rb7 Ra5 41. Rb3 Ke5 42. Rh3 Kd4 0-1

[Event "Kieler Open 2017-A"]
[Site "Kiel"]
[Date "2017.08.01"]
[Round "6.25"]
[White "Strätker, Sebastian"]
[Black "Lenhardt, Manfred"]
[Result "0-1"]
[WhiteElo "1887"]
[BlackElo "2096"]
[Annotator "PS"]
[PlyCount "74"]

1. Nf3 g6 2. d4 Bg7 3. g3 Nf6 4. Bg2 O-O 5. O-O d6 6. c4 Nbd7 7. Nc3 a6 8. e4
e5 9. dxe5 dxe5 10. Qc2 c6 11. b3 Re8 12. h3 Nc5 13. Be3 Bf8 14. Rad1 Qa5 15.
Nh2 Ne6 16. Na4 {(=)} b5 17. Nb6 Rb8 18. c5 Qb4 19. Nxc8 Rbxc8 20. a3 Qxa3 21.
Qc3 Nxc5 22. Rb1 Ncxe4 23. Qd3 Qb4 24. Rfc1 Red8 25. Qc2 Bc5 26. Bxc5 Nxc5 27.
Nf1 Ne6 28. Qb2 Nd4 29. Ne3 a5 30. Kh2 h5 31. Rd1 Nd5 32. Nc2 Nxc2 33. Qxc2 Ne7
34. Re1 Rd2 35. Qc1 Rxf2 36. Rxe5 Nf5 37. Kg1 Qd4 0-1

[Event "Kieler Open 2017-A"]
[Site "Kiel"]
[Date "2017.08.01"]
[Round "6.26"]
[White "Tresch, Lukas"]
[Black "Farokhi, Keyvan"]
[Result "1-0"]
[WhiteElo "2038"]
[BlackElo "1726"]
[Annotator "PS"]
[PlyCount "63"]

1. e4 e5 2. Nf3 Nc6 3. Bc4 Nf6 4. d3 Bc5 5. c3 O-O 6. O-O d6 7. Bb3 a6 8. Nbd2
Ba7 9. h3 Ne7 10. Re1 Ng6 11. Nf1 Nh5 12. Bg5 Qe8 13. Nh4 Ngf4 14. Nf5 Bxf5 15.
exf5 Qc6 16. Qg4 Nxd3 17. Ne3 Nxe1 18. Nd5 Kh8 19. Qxh5 f6 20. Rxe1 Rae8 21.
Bc1 Qd7 22. Re4 Qf7 23. Qf3 c6 24. Ne3 d5 25. Rh4 e4 26. Qg4 Kg8 27. Nc2 c5 28.
Ne3 c4 29. Bd1 Bb8 30. Nc2 Be5 31. Be3 b5 32. Bc5 1-0

[Event "Kieler Open 2017-A"]
[Site "Kiel"]
[Date "2017.08.01"]
[Round "6.27"]
[White "Litau, Alexej"]
[Black "Schaefer, Martin"]
[Result "0-1"]
[WhiteElo "1701"]
[BlackElo "2001"]
[Annotator "PS"]
[PlyCount "92"]

1. d4 f5 2. Nc3 Nf6 3. Bg5 d5 4. Bxf6 exf6 5. e3 Be6 6. Bd3 Qd7 7. Nce2 g5 8.
Nf3 Nc6 9. c3 Bd6 10. Qc2 Ne7 11. Nd2 b6 12. c4 c5 13. Qb3 Rb8 14. Qc3 Rc8 15.
dxc5 Be5 16. Qa3 Rxc5 17. Nb3 Rc7 18. Rd1 Bd6 19. c5 bxc5 20. Ba6 c4 21. Qa5
cxb3 22. O-O O-O 23. Nd4 Nc6 24. Nxc6 Rxc6 25. Bb5 Qc7 26. Qa4 Rc5 27. axb3
Bxh2+ 28. Kh1 Be5 29. f4 gxf4 30. exf4 Bd6 31. b4 Rc2 32. Rde1 Bf7 33. Bd3 Rxb2
34. Bxf5 Rxb4 35. Qd1 Rxf4 36. Rxf4 Bxf4 37. Qg4+ Bg5 38. Rf1 Qc4 39. Qf3 Qh4+
40. Kg1 d4 41. g3 Qh6 42. Kg2 Qg7 43. Rh1 h6 44. Rb1 Rd8 45. Rb7 Qf8 46. Bd3
Bd5 0-1

[Event "Kieler Open 2017-A"]
[Site "Kiel"]
[Date "2017.08.01"]
[Round "6.28"]
[White "Papesch, Dennis"]
[Black "Deutschbein, Christopher"]
[Result "1/2-1/2"]
[WhiteElo "1825"]
[BlackElo "2019"]
[Annotator "PS"]
[PlyCount "52"]

1. d4 d5 2. c4 e6 3. Nc3 Nf6 4. Nf3 Be7 5. Bg5 O-O 6. e3 h6 7. Bh4 b6 8. cxd5
Nxd5 9. Bxe7 Qxe7 10. Bc4 Bb7 11. O-O Nxc3 12. bxc3 Nd7 13. Re1 Nf6 14. Ne5
Rfd8 15. f3 c5 16. Qb3 Nd5 17. Rad1 Qg5 18. Bxd5 Bxd5 19. Qb2 f6 20. f4 Qf5 21.
Nf3 Bxf3 22. gxf3 cxd4 23. cxd4 Rac8 24. Rd2 Rc7 25. Qb1 Qa5 26. Red1 Rdc8
1/2-1/2

[Event "Kieler Open 2017-A"]
[Site "Kiel"]
[Date "2017.08.01"]
[Round "6.29"]
[White "Kreutz, Jonas"]
[Black "Neuendorf, Max"]
[Result "0-1"]
[WhiteElo "1826"]
[BlackElo "1892"]
[Annotator "PS"]
[PlyCount "52"]

1. e4 e6 2. d4 d5 3. Nc3 Nf6 4. Bg5 Be7 5. e5 Nfd7 6. Bxe7 Qxe7 7. f4 a6 8. Nf3
c5 9. Qd2 Nc6 10. h4 cxd4 11. Nxd4 Qb4 12. O-O-O Nb6 13. a3 Qe7 14. g4 Bd7 15.
Qf2 Nc4 16. Nxc6 Bxc6 17. Qd4 b5 18. Bd3 Rb8 19. Nb1 O-O 20. h5 b4 21. axb4
Rxb4 22. c3 Rxb2 23. Bxc4 dxc4 24. Kxb2 Bxh1 25. Rxh1 Qb7+ 26. Ka1 Rb8 0-1

[Event "Kieler Open 2017-A"]
[Site "Kiel"]
[Date "2017.08.01"]
[Round "6.30"]
[White "Karlisch, Moritz"]
[Black "Oltmanns, Marc"]
[Result "1-0"]
[WhiteElo "1887"]
[BlackElo "1679"]
[Annotator "PS"]
[PlyCount "127"]

1. d4 Nf6 2. c4 e6 3. Nc3 Bb4 4. Qc2 O-O 5. Nf3 c5 6. dxc5 Bxc5 7. g3 Nc6 8.
Bg2 b6 9. O-O Bb7 10. a3 Ne7 11. Rd1 Ng6 12. b4 Be7 13. Bb2 Rc8 14. Nd2 Bxg2
15. Kxg2 d5 16. cxd5 Qxd5+ 17. Nf3 Qc6 18. Qb3 Rfd8 19. Kg1 h6 20. Rac1 Rxd1+
21. Rxd1 Rd8 22. Nd4 Qb7 23. Qa4 a5 24. bxa5 bxa5 25. Nc6 Ra8 26. Rd2 Qc7 27.
Ne4 Nxe4 28. Qxe4 Rc8 29. Rc2 Qd7 30. Nxe7+ Nxe7 31. Qd4 Qxd4 32. Rxc8+ Nxc8
33. Bxd4 a4 34. Bc5 f5 35. Kf1 Kf7 36. Ke1 g5 37. Kd2 e5 38. Kc3 Ke6 39. Kb4
Kd5 40. Bf8 h5 41. Kxa4 Nb6+ 42. Kb5 Nc4 43. a4 g4 44. a5 Nxa5 45. Kxa5 f4 46.
Bh6 Ke4 47. Kb4 f3 48. exf3+ Kxf3 49. Be3 Kg2 50. Kc4 Kxh2 51. Kd5 Kh3 52. Bg5
Kg2 53. Kxe5 Kxf2 54. Bh4 Kf3 55. Kf5 Ke3 56. Kg5 Ke4 57. Kxh5 Kf5 58. Bg5 Ke6
59. Kxg4 Kf7 60. Kf5 Kg7 61. g4 Kf7 62. Bf6 Kf8 63. Kg6 Kg8 64. Bd4 1-0

[Event "Kieler Open 2017-A"]
[Site "Kiel"]
[Date "2017.08.01"]
[Round "6.31"]
[White "Gutschenreiter, Donato"]
[Black "Weißhorn, Lasse"]
[Result "1-0"]
[WhiteElo "1714"]
[BlackElo "1745"]
[Annotator "PS"]
[PlyCount "57"]

1. e4 e5 2. Nf3 Nc6 3. Bc4 Bc5 4. c3 Nf6 5. d3 d6 6. a4 a6 7. O-O Ba7 8. Na3
Be6 9. Rb1 d5 10. exd5 Nxd5 11. Ng5 Bf5 12. Qf3 Nce7 13. Be3 O-O 14. Rbd1 Qd7
15. h3 h6 16. Bxa7 Rxa7 17. Bxd5 Nxd5 18. Ne4 Nf4 19. Qe3 b6 20. a5 Qc6 21.
axb6 cxb6 22. Nc4 Nxd3 23. Qxd3 Bxe4 24. Nxe5 Qa8 25. Qg3 Re7 26. Nd7 Re6 27.
Nxf8 Kxf8 28. Qc7 Ke8 29. Qd7+ 1-0

[Event "Kieler Open 2017-A"]
[Site "Kiel"]
[Date "2017.08.01"]
[Round "6.32"]
[White "Vorsilka, Jiri"]
[Black "Neumann, Frank"]
[Result "0-1"]
[WhiteElo "1593"]
[BlackElo "2072"]
[Annotator "PS"]
[PlyCount "140"]

1. e4 g6 2. d4 Bg7 3. f4 c6 4. Nf3 d5 5. e5 Bg4 6. Be2 e6 7. O-O h5 8. Ng5 Bxe2
9. Qxe2 Ne7 10. Be3 Nf5 11. Nd2 Nd7 12. Ndf3 Nf8 13. Bf2 Nh7 14. Nxh7 Rxh7 15.
Ng5 Rh8 16. h4 Bh6 17. c3 Bxg5 18. fxg5 Qa5 19. b4 Qa4 20. Qd1 Qxd1 21. Rfxd1
a5 22. a3 Kd7 23. Kf1 axb4 24. axb4 Kc7 25. Ke2 Kb6 26. Kd3 Kb5 27. Rh1 {(=)}
Rhb8 28. g3 Kb6 29. Rhb1 Kc7 30. Rh1 Kd7 31. Rhf1 Kc7 32. Rg1 Kb6 33. Rgf1 Ra6
34. Rxa6+ bxa6 35. Ra1 Ka7 36. Ra5 Ne7 37. Ra3 Nc8 38. Ra1 Nb6 39. Rf1 Nc4 40.
Be3 Rb7 41. Ra1 Kb6 42. Bf4 Kb5 43. Rh1 Nb2+ 44. Kc2 Nc4 45. Kd3 a5 46. bxa5
Ka6 47. Ra1 Rb2 48. Ra4 Kb5 49. Rb4+ Rxb4 50. cxb4 Kxb4 51. a6 Kb5 52. a7 Nb6
53. Kc3 Ka6 54. Kb4 Kxa7 55. Kc5 Kb7 56. Bc1 Kc7 57. Bf4 Nd7+ 58. Kb4 Kb6 59.
Be3 Nb8 60. Bf2 Na6+ 61. Ka4 c5 62. dxc5+ Kc6 63. Bd4 Nxc5+ 64. Kb4 Ne4 65. Kb3
Kb5 66. Be3 Nxg3 67. Kc3 Nf5 68. Bf2 d4+ 69. Kd3 Kc5 70. Be1 Kd5 0-1

[Event "Kieler Open 2017-A"]
[Site "Kiel"]
[Date "2017.08.01"]
[Round "6.33"]
[White "Oltzen, Samuel"]
[Black "van Foreest, Machteld"]
[Result "1-0"]
[WhiteElo "1990"]
[BlackElo "1793"]
[Annotator "PS"]
[PlyCount "59"]

1. e4 e5 2. Nf3 Nc6 3. Bc4 Bc5 4. O-O Nf6 5. d3 d6 6. c3 O-O 7. a4 a5 8. Nbd2
Be6 9. Qb3 Qd7 10. Bxe6 fxe6 11. Nc4 Ba7 12. h3 Nh5 13. Be3 Nf4 14. Bxf4 exf4
15. d4 Rab8 16. d5 exd5 17. exd5 Ne7 18. Nxa5 Kh8 19. Rad1 b5 20. Qc2 bxa4 21.
Rfe1 Ng6 22. Nc6 Ra8 23. Re6 Bc5 24. Ng5 Rae8 25. Nxh7 Kxh7 26. Qxg6+ Kg8 27.
Rde1 Rxe6 28. Rxe6 Qf7 29. Ne7+ Kh8 30. Qg5 1-0

[Event "Kieler Open 2017-A"]
[Site "Kiel"]
[Date "2017.08.01"]
[Round "6.34"]
[White "Bernhardsson, Sten"]
[Black "Isler, Benjamin"]
[Result "1-0"]
[WhiteElo "1927"]
[BlackElo "1897"]
[Annotator "PS"]
[PlyCount "81"]

1. d4 Nf6 2. Nf3 c5 3. e3 e6 4. Be2 d5 5. O-O Bd6 6. c4 b6 7. cxd5 exd5 8. Nc3
O-O 9. dxc5 bxc5 10. b3 Bb7 11. Bb2 Nbd7 12. Rc1 Rc8 13. Qd2 Qe7 14. Rfd1 Rfd8
15. Nh4 Bxh2+ 16. Kxh2 Ne4 17. Nxe4 Qxh4+ 18. Kg1 dxe4 19. Qc3 Qg5 20. Bb5 Nf8
21. Rxd8 Rxd8 22. Qxc5 Rd1+ 23. Bf1 Qxc5 24. Rxc5 Ne6 25. Rc1 Rd2 26. Be5 Rxa2
27. g3 Rd2 28. Ra1 Rd5 29. Rxa7 Rxe5 30. Rxb7 g5 31. Bc4 g4 32. Kf1 Ng5 33. Rb5
Nf3 34. Rxe5 Nxe5 35. Ke2 Nxc4 36. bxc4 Kf8 37. Kd2 Ke7 38. Kc3 Ke6 39. Kd4 f5
40. c5 h5 41. c6 1-0

[Event "Kieler Open 2017-A"]
[Site "Kiel"]
[Date "2017.08.01"]
[Round "6.35"]
[White "Zimmermann, Manfred"]
[Black "Schmidt, Peter"]
[Result "0-1"]
[WhiteElo "1997"]
[BlackElo "1949"]
[Annotator "PS"]
[PlyCount "84"]

1. d4 Nf6 2. Nf3 g6 3. Nc3 Bg7 4. e4 d6 5. Be3 O-O 6. Qd2 Nbd7 7. Be2 c5 8. d5
a6 9. a4 Qa5 10. O-O Qb4 11. Bd3 Ng4 12. Nd1 Nxe3 13. fxe3 Qxd2 14. Nxd2 Ne5
15. Be2 Bd7 16. c3 b5 17. a5 c4 18. Nf2 Bh6 19. Nd1 f5 20. h3 Rf7 21. exf5 Bxf5
22. Nf3 Nxf3+ 23. Bxf3 Raf8 24. Re1 Bxh3 25. Re2 Bg7 26. Nf2 Bf5 27. Rae1 h5
28. e4 Bd7 29. Nd1 Bh6 30. Ne3 Bf4 31. Nc2 Bg3 32. Rd1 h4 33. Ne3 h3 34. Nf1
Be5 35. Nh2 hxg2 36. Bxg2 Bxh2+ 37. Kxh2 Bg4 38. Ree1 Bxd1 39. Rxd1 Rf2 40. e5
Rxb2 41. Kg3 Rc2 42. Bh3 Rxc3+ 0-1

[Event "Kieler Open 2017-A"]
[Site "Kiel"]
[Date "2017.08.01"]
[Round "6.36"]
[White "Berenstein, Alexander"]
[Black "Untiedt, Urs Arved"]
[Result "1/2-1/2"]
[WhiteElo "1997"]
[BlackElo "1720"]
[Annotator "PS"]
[PlyCount "63"]

1. e4 e5 2. Nf3 Nc6 3. Nc3 Nf6 4. Bc4 Bb4 5. a3 Ba5 6. b4 Bb6 7. d3 d6 8. h3
O-O 9. Bg5 Be6 10. Qd2 Nd4 11. Rc1 c6 12. Nh2 Bxc4 13. dxc4 Ne6 14. Bh4 Nf4 15.
Bg5 Bd4 16. Bxf4 Bxc3 17. Qxc3 Nxe4 18. Qf3 exf4 19. Qxf4 Re8 20. O-O Nc3 21.
Rfe1 Ne2+ 22. Rxe2 Rxe2 23. Ng4 Qe7 24. Ne3 Re8 25. Rd1 Qf6 26. Qxf6 gxf6 27.
Kf1 R2xe3 28. fxe3 Rxe3 29. Rxd6 Rxa3 30. Rd7 Rc3 31. Rxb7 Rxc4 32. c3 1/2-1/2